[Event "Masdenverge op 6th"]
[Site "Masdenverge"]
[Date "2017.07.02"]
[Round "7"]
[White "Benaiges Fontanet, German"]
[Black "Garcia Amoros, Pablo"]
[Result "1/2-1/2"]
[WhiteElo "1986"]
[BlackElo "2146"]
[PlyCount "61"]
[EventDate "2017.06.30"]
[EventType "swiss"]
[EventRounds "7"]
[EventCountry "ESP"]
[SourceTitle "EXT 2019"]
[Source "ChessBase"]
[SourceDate "2018.10.10"]
[SourceVersion "1"]
[SourceVersionDate "2018.10.10"]
[SourceQuality "1"]

1. d4 Nf6 2. c4 d6 3. Nc3 e5 4. d5 a5 5. e4 Na6 6. f3 Be7 7. Be3 0-0 8. Nge2 c6 9. Nc1 cxd5 10. cxd5 Nd7 11. Be2 Bh4+ 12. g3 Bg5 13. Bxg5 Qxg5 14. Qd2 Qd8 15. 0-0 Ndc5 16. Nd3 Nxd3 17. Bxd3 Nc5 18. Rf2 a4 19. Bf1 f5 20. Bg2 Bd7 21. Rff1 b5 22. exf5 Rxf5 23. Bh3 Rf8 24. Bxd7 Nxd7 25. Ne4 Qb6+ 26. Kg2 h6 27. Rac1 Rac8 28. Rc6 Rxc6 29. dxc6 Qxc6 30. Qxd6 Qxd6 31. Nxd6 1/2-1/2

[Event "Garcia Ilundain Memorial U20"]
[Site "Catalunya"]
[Date "2006.??.??"]
[Round "?"]
[White "Salvado Obrero, Ivan"]
[Black "Benaiges Fontanet, German"]
[Result "1/2-1/2"]
[WhiteElo "1903"]
[BlackElo "2006"]
[PlyCount "44"]
[EventDate "2006.??.??"]
[EventType "swiss"]
[EventRounds "9"]
[EventCountry "ESP"]
[SourceTitle "EXT 2022"]
[Source "ChessBase"]
[SourceDate "2021.10.06"]
[SourceVersion "1"]
[SourceVersionDate "2021.10.06"]
[SourceQuality "1"]

1. e4 e6 2. d4 d5 3. e5 c5 4. c3 Nc6 5. Nf3 Qb6 6. Be2 cxd4 7. cxd4 Bd7 8. 0-0 Nge7 9. Na3 Nf5 10. Nc2 Rc8 11. a3 Na5 12. Ne3 Nb3 13. Rb1 Rxc1 14. Rxc1 Nxc1 15. Qxc1 Nxd4 16. Nxd4 Qxd4 17. Qc7 Be7 18. Qxb7 Qxe5 19. Bb5 Bxb5 20. Qxb5+ Kd8 21. Qa5+ Qc7 22. Qb5 Qe5 1/2-1/2